[Event "CAN-ch U20 1997-98"]
[Site "Winnipeg CAN"]
[Date "1998.01.01"]
[Round "10"]
[White "Filion, Charles"]
[Black "Chin, Garrett"]
[Result "1/2-1/2"]
[WhiteElo "2223"]
[BlackElo "1985"]
[PlyCount "88"]
[GameId "2160767911874265"]
[EventDate "1997.12.27"]
[EventType "tourn"]
[EventRounds "11"]
[EventCountry "CAN"]
[SourceTitle "EXT 2001"]
[Source "ChessBase"]
[SourceDate "2000.11.22"]
[SourceVersion "1"]
[SourceVersionDate "2000.11.22"]
[SourceQuality "1"]

1. e4 e5 2. Nf3 Nc6 3. Bb5 f5 4. Nc3 fxe4 5. Nxe4 Nf6 6. Qe2 d5 7. Nxf6+ gxf6 8. d4 Bg7 9. O-O O-O 10. Bxc6 bxc6 11. dxe5 Bg4 12. e6 Qd6 13. Re1 Rfe8 14. Qd3 Rxe6 15. Bd2 Rae8 16. Rxe6 Bxe6 17. Re1 c5 18. Nh4 Bd7 19. Rxe8+ Bxe8 20. Qg3 Qxg3 21. hxg3 Bd7 22. Bf4 c6 23. Bb8 a6 24. Bd6 Bf8 25. Bxf8 Kxf8 26. Kf1 Ke7 27. Ke2 c4 28. Ke3 c5 29. c3 Kd6 30. Nf3 Bg4 31. Nd2 Ke5 32. f4+ Kd6 33. b3 cxb3 34. axb3 a5 35. Nf3 Bxf3 36. gxf3 h6 37. g4 Ke6 38. f5+ Ke5 39. f4+ Kd6 40. Kd3 Kd7 41. Kc2 Kc6 42. Kd3 Kd7 43. Kc2 Kc6 44. Kd3 Kd7 1/2-1/2

[Event "CAN-ch U20 1997-98"]
[Site "Winnipeg CAN"]
[Date "1998.01.01"]
[Round "10"]
[White "Goldenberg, Danny"]
[Black "Henson, Joshua"]
[Result "1-0"]
[WhiteElo "2369"]
[BlackElo "2014"]
[PlyCount "135"]
[GameId "2160767911874266"]
[EventDate "1997.12.27"]
[EventType "tourn"]
[EventRounds "11"]
[EventCountry "CAN"]
[SourceTitle "EXT 2001"]
[Source "ChessBase"]
[SourceDate "2000.11.22"]
[SourceVersion "1"]
[SourceVersionDate "2000.11.22"]
[SourceQuality "1"]

1. d4 d5 2. Nc3 Nf6 3. Bg5 e6 4. Nf3 Be7 5. e3 b6 6. Be2 Bb7 7. O-O O-O 8. Re1 Nbd7 9. Bf1 c5 10. a4 a6 11. Nd2 Rc8 12. a5 b5 13. dxc5 Nxc5 14. Nf3 Nfe4 15. Nxe4 Nxe4 16. Bxe7 Qxe7 17. Nd2 Nf6 18. c3 Rfd8 19. Qb3 Qc7 20. h3 Nd7 21. Rec1 Ne5 22. Qa2 Nc4 23. b3 Nxd2 24. Qxd2 Qe5 25. Qe1 Qe4 26. Be2 Qg6 27. Qf1 Rc7 28. Bd3 Qg5 29. Rc2 Rdc8 30. Rac1 Qe5 31. Qe1 Qg5 32. Bf1 Qh4 33. Qd2 Qe4 34. Bd3 Qe5 35. Be2 Qg5 36. Bf3 Qh4 37. Qd3 Qg5 38. Qd4 h6 39. h4 Qf6 40. Qxf6 gxf6 41. Be2 Rc5 42. Bd3 Kg7 43. f3 f5 44. Kf2 Kf6 45. f4 Kg7 46. h5 R8c7 47. Ke2 Kf6 48. Kd2 Rc8 49. Rg1 Rg8 50. g3 Ke7 51. Kc1 Bc8 52. Kb2 Bd7 53. Ka3 Kd6 54. Kb4 Bc6 55. Rcg2 Be8 56. g4 Rxg4 57. Rxg4 fxg4 58. Rxg4 f5 59. Rg8 Rc8 60. Rh8 Ke7 61. Rxh6 Bf7 62. Be2 Rg8 63. Kc5 Rg2 64. Bd3 Rd2 65. Bxb5 axb5 66. a6 Rc2 67. a7 Ra2 68. Kb6 1-0

[Event "CAN-ch U20 1997-98"]
[Site "Winnipeg CAN"]
[Date "1998.01.01"]
[Round "10"]
[White "Hua, Lefong"]
[Black "Afrah, Navid"]
[Result "1/2-1/2"]
[WhiteElo "2298"]
[BlackElo "2210"]
[PlyCount "89"]
[GameId "2160767911874267"]
[EventDate "1997.12.27"]
[EventType "tourn"]
[EventRounds "11"]
[EventCountry "CAN"]
[SourceTitle "EXT 2001"]
[Source "ChessBase"]
[SourceDate "2000.11.22"]
[SourceVersion "1"]
[SourceVersionDate "2000.11.22"]
[SourceQuality "1"]

1. d4 g6 2. c4 Nf6 3. Nc3 Bg7 4. e4 d6 5. f4 O-O 6. Nf3 c5 7. d5 Bg4 8. Be2 e6 9. O-O exd5 10. cxd5 Na6 11. Re1 Nc7 12. a4 b6 13. h3 Bc8 14. Nd2 Rb8 15. Bf3 Ba6 16. Nf1 Nd7 17. Ne3 Qh4 18. Be2 Bxe2 19. Qxe2 Qxf4 20. Ng4 Qg3 21. Rf1 Qh4 22. Bf4 Qe7 23. Ne3 Ne5 24. Nb5 a6 25. Nxd6 Qxd6 26. Nc4 Qe7 27. d6 Qe6 28. dxc7 Rbc8 29. Ne3 Rxc7 30. Qxa6 Rd7 31. Nd5 Rb8 32. Rad1 f5 33. exf5 gxf5 34. Ne3 Rf8 35. Rxd7 Nxd7 36. Qc4 Qxc4 37. Nxc4 Re8 38. Bc7 Bd4+ 39. Kh1 Ra8 40. b3 Rc8 41. Bd6 Re8 42. Rxf5 Re1+ 43. Kh2 Nf6 44. Nd2 Kf7 45. Rf1 1/2-1/2

[Event "CAN-ch U20 1997-98"]
[Site "Winnipeg CAN"]
[Date "1998.01.01"]
[Round "10"]
[White "Kirby, Patrick"]
[Black "Gulati, Justin"]
[Result "0-1"]
[WhiteElo "2099"]
[BlackElo "2062"]
[PlyCount "48"]
[GameId "2160767911874268"]
[EventDate "1997.12.27"]
[EventType "tourn"]
[EventRounds "11"]
[EventCountry "CAN"]
[SourceTitle "EXT 2001"]
[Source "ChessBase"]
[SourceDate "2000.11.22"]
[SourceVersion "1"]
[SourceVersionDate "2000.11.22"]
[SourceQuality "1"]

1. e4 e5 2. Nc3 Nf6 3. g3 Bc5 4. Bg2 Nc6 5. Nge2 d6 6. Na4 Be6 7. Nxc5 dxc5 8. d3 Qd7 9. h3 c4 10. f4 cxd3 11. cxd3 Nb4 12. d4 exd4 13. a3 Nc6 14. e5 Bd5 15. exf6 Bxg2 16. Rh2 Be4 17. fxg7 Rg8 18. b4 d3 19. Bb2 Bf3 20. Rf2 Bxe2 21. Rxe2+ dxe2 22. Qxe2+ Qe6 23. Qxe6+ fxe6 24. g4 e5 0-1

[Event "CAN-ch U20 1997-98"]
[Site "Winnipeg CAN"]
[Date "1998.01.02"]
[Round "11"]
[White "Chin, Garrett"]
[Black "Goldenberg, Danny"]
[Result "0-1"]
[WhiteElo "1985"]
[BlackElo "2369"]
[PlyCount "123"]
[GameId "2160767911874270"]
[EventDate "1997.12.27"]
[EventType "tourn"]
[EventRounds "11"]
[EventCountry "CAN"]
[SourceTitle "EXT 2001"]
[Source "ChessBase"]
[SourceDate "2000.11.22"]
[SourceVersion "1"]
[SourceVersionDate "2000.11.22"]
[SourceQuality "1"]

1. d4 c5 2. Nf3 cxd4 3. Nxd4 Nc6 4. Nc3 Nf6 5. e4 e5 6. Nb3 Be7 7. Be2 O-O 8. O-O d6 9. Be3 Be6 10. f4 exf4 11. Bxf4 Qd7 12. Qe1 Ne5 13. Rd1 Ng6 14. Nc5 Qc8 15. Nxe6 Qxe6 16. Bd3 Nxf4 17. Rxf4 Ng4 18. Qg3 Ne5 19. Nd5 Rac8 20. c3 h6 21. Rff1 Nxd3 22. Qxd3 Bg5 23. Rfe1 Rfd8 24. a3 a6 25. a4 Bf6 26. Nxf6+ Qxf6 27. Qd4 Qxd4+ 28. Rxd4 Kf8 29. Red1 Ke7 30. Rb4 Rc7 31. Kf2 f6 32. Rbd4 Rc6 33. Rd5 Kd7 34. R1d4 Re8 35. Kf3 Kc7 36. Rd2 Re5 37. Ke3 Rc4 38. R2d4 Rxd4 39. Rxd4 b5 40. h3 Kc6 41. Kf3 Rc5 42. Ke3 Rg5 43. Kf3 h5 44. g3 Re5 45. Kf4 Rc5 46. Ke3 g6 47. Kf3 Kd7 48. Rb4 bxa4 49. Rxa4 a5 50. Ke3 Ke6 51. Kf3 Ke5 52. Ke3 g5 53. Kd3 d5 54. exd5 Rxd5+ 55. Ke3 f5 56. b4 f4+ 57. gxf4+ gxf4+ 58. Ke2 axb4 59. cxb4 Rd4 60. Ra5+ Ke4 61. Rxh5 Rxb4 62. Rh8 0-1

[Event "CAN-ch U20 1997-98"]
[Site "Winnipeg CAN"]
[Date "1998.01.02"]
[Round "11"]
[White "Filion, Charles"]
[Black "Dutton, Warren"]
[Result "1-0"]
[WhiteElo "2223"]
[BlackElo "2185"]
[PlyCount "77"]
[GameId "2160767911874271"]
[EventDate "1997.12.27"]
[EventType "tourn"]
[EventRounds "11"]
[EventCountry "CAN"]
[SourceTitle "EXT 2001"]
[Source "ChessBase"]
[SourceDate "2000.11.22"]
[SourceVersion "1"]
[SourceVersionDate "2000.11.22"]
[SourceQuality "1"]

1. e4 e5 2. Nf3 Nc6 3. Bb5 Nd4 4. Bc4 Nxf3+ 5. Qxf3 Nf6 6. c3 c6 7. Bb3 d5 8. d3 dxe4 9. dxe4 Bg4 10. Qg3 Qd6 11. O-O O-O-O 12. f3 Be6 13. Bxe6+ Qxe6 14. Be3 Kb8 15. Qf2 b6 16. a4 c5 17. a5 Kb7 18. Qe2 c4 19. axb6 axb6 20. Nd2 Rd3 21. Kh1 Nh5 22. b3 Rxe3 23. Qxe3 Bc5 24. Qg5 Qg6 25. Qh4 cxb3 26. Nxb3 Bd6 27. Rfd1 Nf4 28. g3 Ne2 29. c4 Qe6 30. Rd2 Nc3 31. Rd3 h5 32. Qg5 Ne2 33. Qd2 Nd4 34. Nxd4 exd4 35. Rxd4 Bc5 36. Rd7+ Kc6 37. Raa7 Qxc4 38. Rdc7+ Kb5 39. Qd7+ 1-0

[Event "CAN-ch U20 1997-98"]
[Site "Winnipeg CAN"]
[Date "1998.01.02"]
[Round "11"]
[White "Gulati, Justin"]
[Black "Zugic, Igor"]
[Result "0-1"]
[WhiteElo "2062"]
[BlackElo "2373"]
[PlyCount "74"]
[GameId "2160767911874272"]
[EventDate "1997.12.27"]
[EventType "tourn"]
[EventRounds "11"]
[EventCountry "CAN"]
[SourceTitle "EXT 2001"]
[Source "ChessBase"]
[SourceDate "2000.11.22"]
[SourceVersion "1"]
[SourceVersionDate "2000.11.22"]
[SourceQuality "1"]

1. e4 e6 2. d4 d5 3. e5 c5 4. c3 Qb6 5. Nf3 Nc6 6. Bd3 cxd4 7. cxd4 Bd7 8. Nc3 Nxd4 9. Nxd4 Qxd4 10. O-O a6 11. Qe2 Ne7 12. Rd1 Nc6 13. Bb5 Qa7 14. Bd3 Be7 15. Bf4 Qb8 16. Bg3 Qd8 17. f4 g6 18. Bf2 O-O 19. Qg4 f5 20. Qg3 Rc8 21. Qh3 Qe8 22. Be2 Na5 23. g4 Kh8 24. gxf5 gxf5 25. Bh5 Rg8+ 26. Kh1 Qf8 27. Rg1 Qh6 28. Bh4 Bxh4 29. Qxh4 d4 30. Rg5 Bc6+ 31. Kg1 dxc3 32. Kf2 Rxg5 33. fxg5 Qg7 34. b4 Qxe5 35. Re1 Qd5 36. g6 Qg2+ 37. Ke3 Qd2# 0-1

[Event "CAN-ch U20 1997-98"]
[Site "Winnipeg CAN"]
[Date "1998.01.02"]
[Round "11"]
[White "Hua, Lefong"]
[Black "Kirby, Patrick"]
[Result "1-0"]
[WhiteElo "2298"]
[BlackElo "2099"]
[PlyCount "77"]
[GameId "2160767911874273"]
[EventDate "1997.12.27"]
[EventType "tourn"]
[EventRounds "11"]
[EventCountry "CAN"]
[SourceTitle "EXT 2001"]
[Source "ChessBase"]
[SourceDate "2000.11.22"]
[SourceVersion "1"]
[SourceVersionDate "2000.11.22"]
[SourceQuality "1"]

1. d4 d5 2. c4 e6 3. Nc3 c6 4. cxd5 exd5 5. Qc2 g6 6. h3 Bf5 7. Qa4 Bg7 8. Nf3 Ne7 9. Bg5 Nd7 10. e3 O-O 11. g4 Be6 12. Bh4 b5 13. Qc2 Nb6 14. Ne5 f6 15. Nd3 Nc4 16. Nc5 Bf7 17. Bd3 Re8 18. Bg3 Qc8 19. O-O-O Na5 20. Kb1 Nb7 21. Ne2 Nxc5 22. Qxc5 Qd7 23. Rdg1 Rec8 24. Qc2 a6 25. Nc1 c5 26. dxc5 Nc6 27. Nb3 Nb4 28. Qd2 Nxd3 29. Qxd3 Bf8 30. Rc1 a5 31. Qd4 a4 32. Nd2 Qc6 33. Bd6 Bxd6 34. cxd6 Qxd6 35. Ne4 Rxc1+ 36. Rxc1 Qh2 37. Nxf6+ Kf8 38. Nxh7+ Ke7 39. Qf6+ 1-0

[Event "CAN-ch U20 1997-98"]
[Site "Winnipeg CAN"]
[Date "1998.01.02"]
[Round "11"]
[White "Olson, Hans"]
[Black "Henson, Joshua"]
[Result "0-1"]
[WhiteElo "1862"]
[BlackElo "2014"]
[PlyCount "34"]
[GameId "2160767911874274"]
[EventDate "1997.12.27"]
[EventType "tourn"]
[EventRounds "11"]
[EventCountry "CAN"]
[SourceTitle "EXT 2001"]
[Source "ChessBase"]
[SourceDate "2000.11.22"]
[SourceVersion "1"]
[SourceVersionDate "2000.11.22"]
[SourceQuality "1"]

1. e4 d5 2. exd5 Nf6 3. d4 Bg4 4. Bb5+ Nbd7 5. f3 Bf5 6. c4 e6 7. dxe6 Bxe6 8. d5 Bf5 9. Be3 Bb4+ 10. Nc3 Qe7 11. Qe2 O-O-O 12. Kf2 Rhe8 13. Qd2 a6 14. Bxd7+ Nxd7 15. Nge2 Ne5 16. Nd4 Bg6 17. g3 Nd3+ 0-1

[Event "CAN-ch Univerisities"]
[Site "Waterloo CAN"]
[Date "1997.11.15"]
[Round "2"]
[White "Fogarasi, Norbert"]
[Black "Pak, David"]
[Result "1-0"]
[WhiteElo "2128"]
[BlackElo "1764"]
[PlyCount "31"]
[GameId "2160767911874367"]
[EventDate "1997.11.15"]
[EventType "team"]
[EventRounds "5"]
[EventCountry "CAN"]
[SourceTitle "CFC 1998.02"]

1. e4 e5 2. f4 exf4 3. Bc4 Qh4+ 4. Kf1 d6 5. Nf3 Qe7 6. d4 Bg4 7. Nc3 Nf6 8. e5 dxe5 9. dxe5 Bxf3 10. Qxf3 Qxe5 11. Qxb7 Qc5 12. Bb5+ c6 13. Qc8+ Ke7 14. Bxf4 Nbd7 15. Re1+ Ne5 16. Qc7+ 1-0

[Event "CAN-ch Univerisities"]
[Site "Waterloo CAN"]
[Date "1997.11.15"]
[Round "2"]
[White "Guidi, Steve"]
[Black "Marshall, Peter"]
[Result "1/2-1/2"]
[WhiteElo "2018"]
[BlackElo "2186"]
[PlyCount "57"]
[GameId "2160767911874368"]
[EventDate "1997.11.15"]
[EventType "team"]
[EventRounds "5"]
[EventCountry "CAN"]
[SourceTitle "CFC 1998.02"]

1. d4 d5 2. c4 dxc4 3. Nf3 Nf6 4. Nc3 c6 5. a4 Nd5 6. e4 Nxc3 7. bxc3 b5 8. Ne5 Be6 9. axb5 g6 10. bxc6 Bg7 11. Qa4 O-O 12. Nxc4 f5 13. Bf4 Qe8 14. Nb6 Nxc6 15. Nxa8 Qxa8 16. Bc4 Nxd4 17. cxd4 Qxe4+ 18. Be3 f4 19. Bxe6+ Kh8 20. O-O fxe3 21. fxe3 Qxe3+ 22. Kh1 Qxe6 23. Rxf8+ Bxf8 24. Qe8 Qf6 25. Rd1 h6 26. Qb5 Bg7 27. d5 Kh7 28. Qc6 Qe5 29. Qe6 1/2-1/2

[Event "CAN-ch Univerisities"]
[Site "Waterloo CAN"]
[Date "1997.11.16"]
[Round "5"]
[White "Fogarasi, Norbert"]
[Black "Page, Christopher"]
[Result "1-0"]
[WhiteElo "2128"]
[BlackElo "1853"]
[PlyCount "35"]
[GameId "2160767911874369"]
[EventDate "1997.11.15"]
[EventType "team"]
[EventRounds "5"]
[EventCountry "CAN"]
[SourceTitle "CFC 1998.02"]

1. e4 e6 2. d4 d5 3. Nc3 Nf6 4. Bg5 Bb4 5. e5 h6 6. exf6 hxg5 7. fxg7 Rg8 8. Qh5 Qf6 9. Nf3 Qxg7 10. h4 gxh4 11. Rxh4 c5 12. O-O-O Nc6 13. Nb5 Kd7 14. dxc5 Bxc5 15. Rxd5+ exd5 16. Qxd5+ Ke7 17. Qxc5+ Kf6 18. Rf4+ 1-0

[Event "CAN-ch Universities2"]
[Site "Kingston CAN"]
[Date "1997.??.??"]
[Round "?"]
[White "Fogarasi, Norbert"]
[Black "Dixon, Frank"]
[Result "0-1"]
[WhiteElo "2161"]
[BlackElo "1968"]
[PlyCount "90"]
[GameId "2160767912007915"]
[EventDate "1997.??.??"]
[EventType "team"]
[EventRounds "4"]
[EventCountry "CAN"]
[SourceTitle "CFC 1997.12"]

1. e4 d5 2. exd5 Nf6 3. d4 Nxd5 4. c4 Nf6 5. Nc3 g6 6. Bg5 Bg7 7. Qd2 c5 8. d5 Qa5 9. O-O-O O-O 10. Bh6 Bd7 11. h4 Bxh6 12. Qxh6 Ng4 13. Qf4 h5 14. Be2 Na6 15. Bxg4 Bxg4 16. f3 Bd7 17. g4 b5 18. Qh6 b4 19. Ne4 Qxa2 20. Nd2 hxg4 21. fxg4 Bxg4 22. Rf1 Qa1+ 23. Nb1 b3 24. Qe3 Nb4 25. Qxb3 Rab8 26. Qa3 Na2+ 27. Kc2 Nb4+ 28. Kc1 Nd3+ 29. Kd2 Qxb2+ 30. Qxb2 Nxb2 31. Na3 Na4 32. Rc1 Rb2+ 33. Nc2 Bf5 34. Nf3 Rfb8 35. Nfe1 R8b3 36. h5 Rc3 37. Rh4 g5 38. Rh2 Rxc4 39. Nd3 Rd4 40. Ke1 Rxd3 41. Re2 Kf8 42. Ra1 Nc3 43. Rf2 Be4 44. h6 Bh7 45. Rxa7 Rd1# 0-1

[Event "CAN-ch Universities2"]
[Site "Kingston CAN"]
[Date "1997.??.??"]
[Round "?"]
[White "Tipu, Vincent"]
[Black "McTavish, Dale"]
[Result "1-0"]
[WhiteElo "2352"]
[BlackElo "2130"]
[PlyCount "119"]
[GameId "2160767912007916"]
[EventDate "1997.??.??"]
[EventType "team"]
[EventRounds "4"]
[EventCountry "CAN"]
[SourceTitle "CFC 1997.12"]

1. Nc3 c5 2. Nf3 Nc6 3. d4 cxd4 4. Nxd4 g6 5. e4 Bg7 6. Be3 d6 7. Bc4 Bd7 8. O-O Nf6 9. h3 O-O 10. Bb3 Qa5 11. Qd3 Rac8 12. Rad1 Ne5 13. Qe2 Rxc3 14. Bd2 Qa6 15. Qxa6 bxa6 16. Bxc3 Nxe4 17. Bd2 Rc8 18. Rfe1 Nxd2 19. Rxd2 Bh6 20. Rdd1 a5 21. a4 Kf8 22. Nb5 a6 23. Nc3 Be6 24. Bxe6 fxe6 25. Re2 Kf7 26. Ne4 d5 27. Ng5+ Bxg5 28. Rxe5 Bf6 29. Re2 Bxb2 30. c4 Ba3 31. cxd5 exd5 32. Rxd5 Rc1+ 33. Kh2 Bb4 34. Ra2 h5 35. Kg3 Kf6 36. Kf3 Re1 37. Rd3 Rg1 38. Rd8 Bd6 39. Ra8 g5 40. Rxa6 g4+ 41. hxg4 hxg4+ 42. Kxg4 Rxg2+ 43. Kf3 Rg5 44. Rb2 Rf5+ 45. Ke2 Re5+ 46. Kf1 Kf7 47. Rb5 Re4 48. Raxa5 Rc4 49. Rb2 Rc1+ 50. Ke2 Ra1 51. Kd3 Rd1+ 52. Kc4 Ke6 53. Ra2 Kd7 54. Rb5 Kc6 55. Rb3 Rc1+ 56. Kd3 Rd1+ 57. Ke2 Rd5 58. a5 Bc5 59. a6 Rd7 60. Rc2 1-0

[Event "CAN-ch Universities2"]
[Site "Kingston CAN"]
[Date "1997.??.??"]
[Round "?"]
[White "Upper, John"]
[Black "McTavish, Dale"]
[Result "1/2-1/2"]
[WhiteElo "2076"]
[BlackElo "2130"]
[PlyCount "150"]
[GameId "2160767912007917"]
[EventDate "1997.??.??"]
[EventType "team"]
[EventRounds "4"]
[EventCountry "CAN"]
[SourceTitle "CFC 1997.12"]

1. Nf3 c5 2. g3 g6 3. Bg2 Bg7 4. O-O Nc6 5. d3 d5 6. Nbd2 e5 7. c4 Nge7 8. a3 O-O 9. Qc2 b6 10. Rb1 Bb7 11. b4 cxb4 12. axb4 Rc8 13. Qa2 Qd7 14. Ba3 Rfd8 15. b5 Na5 16. Bb4 e4 17. Ng5 exd3 18. exd3 dxc4 19. Bxb7 Nxb7 20. dxc4 Nc5 21. Nde4 h6 22. Bxc5 bxc5 23. Rfd1 Qxd1+ 24. Rxd1 Rxd1+ 25. Kg2 hxg5 26. Qxa7 Kf8 27. b6 Ra1 28. Qd7 Be5 29. b7 Rb8 30. Nxc5 Rb1 31. Qd3 R1xb7 32. Nxb7 Rxb7 33. Qe4 Nc6 34. Qxc6 Re7 35. Qc5 f6 36. Qd5 Bc7 37. c5 Kg7 38. c6 Be5 39. Qc5 Kf7 40. Qc4+ Kg7 41. h4 gxh4 42. Qxh4 Bc7 43. Qb4 Kf7 44. Qb3+ Kg7 45. f4 Bd6 46. Kf3 Bc7 47. g4 Bd6 48. Qd5 Bc7 49. Qd4 Kf7 50. Qc4+ Kg7 51. Qc3 Kf7 52. Qb3+ Kg7 53. Qb2 Kf7 54. Qa2+ Kg7 55. Qa1 Kf7 56. g5 fxg5 57. fxg5 Re6 58. Qa8 Re8 59. Qb7 Re7 60. Qc8 Kg7 61. Qh3 Kg8 62. Qh6 Re6 63. Qh3 Re7 64. Qc8+ Kg7 65. Kf2 Bb6+ 66. Kg2 Bc7 67. Kf3 Bb6 68. Qa6 Bc7 69. Kg2 Rf7 70. Qe2 Rf5 71. Qe7+ Rf7 72. Qe6 Rf5 73. Qd7+ Rf7 74. Qd4+ Kg8 75. Kg1 Rf5 1/2-1/2

[Event "CAN-op"]
[Site "Winnipeg CAN"]
[Date "1997.07.12"]
[Round "1"]
[White "Baragar, Fletcher"]
[Black "Udarbe, Steve"]
[Result "0-1"]
[WhiteElo "2371"]
[BlackElo "1967"]
[PlyCount "75"]
[GameId "2160767911932509"]
[EventDate "1997.07.12"]
[EventType "swiss"]
[EventRounds "10"]
[EventCountry "CAN"]
[SourceTitle "EXP 60"]
[Source "ChessBase"]
[SourceDate "1997.11.24"]
[SourceVersion "1"]
[SourceVersionDate "1997.11.24"]
[SourceQuality "1"]

1. e4 e6 2. d3 d5 3. Nd2 c5 4. Ngf3 Nc6 5. g3 Nf6 6. Bg2 Be7 7. O-O O-O 8. Re1 Qc7 9. Nf1 d4 10. e5 Nd7 11. Bf4 b5 12. h4 Bb7 13. N1h2 Nb6 14. Ng5 Bxg5 15. Bxg5 Ne7 16. Bxb7 Qxb7 17. h5 h6 18. Bd2 Nbd5 19. Re4 Qc7 20. g4 Kh7 21. Qe2 Rac8 22. Nf1 a5 23. Ng3 g6 24. g5 Nf5 25. Rg4 Nxg3 26. Rxg3 Ne7 27. gxh6 b4 28. Bg5 c4 29. Bf6 Rg8 30. hxg6+ Rxg6 31. Rxg6 fxg6 32. Rd1 cxd3 33. Rxd3 Qxc2 34. Rd2 Qc1+ 35. Kh2 a4 36. Qa6 Qc7 37. Qd3 Qc4 38. Qe4 0-1

[Event "CAN-op"]
[Site "Winnipeg CAN"]
[Date "1997.07.12"]
[Round "1"]
[White "Cyncore, Dauwyn"]
[Black "Rasmussen, Barry"]
[Result "0-1"]
[WhiteElo "1927"]
[BlackElo "2240"]
[PlyCount "66"]
[GameId "2160767911932510"]
[EventDate "1997.07.12"]
[EventType "swiss"]
[EventRounds "10"]
[EventCountry "CAN"]
[SourceTitle "EXP 60"]
[Source "ChessBase"]
[SourceDate "1997.11.24"]
[SourceVersion "1"]
[SourceVersionDate "1997.11.24"]
[SourceQuality "1"]

1. e4 d5 2. exd5 Nf6 3. d4 Bg4 4. f3 Bf5 5. g4 Bc8 6. c4 e6 7. g5 Nh5 8. f4 g6 9. Nc3 exd5 10. Qe2+ Qe7 11. Qxe7+ Bxe7 12. Nxd5 Bd6 13. Be2 c6 14. Bxh5 cxd5 15. c5 gxh5 16. cxd6 Nc6 17. Be3 Bf5 18. h4 Kd7 19. a3 Rhe8 20. Kf2 Bg4 21. Nf3 Bxf3 22. Kxf3 Re4 23. Rhd1 Rae8 24. Rd3 Kxd6 25. Rc1 Ne7 26. Rc2 Ng6 27. Rh2 Ke6 28. Kg3 Kf5 29. Bd2 Rc8 30. Rc3 Rc4 31. Rf2 Rexd4 32. Be3 Rxc3 33. bxc3 Rd3 0-1

[Event "CAN-op"]
[Site "Winnipeg CAN"]
[Date "1997.07.12"]
[Round "1"]
[White "Eliason, David"]
[Black "Vukadinov, Milan"]
[Result "0-1"]
[WhiteElo "1662"]
[BlackElo "2396"]
[PlyCount "120"]
[GameId "2160767911932511"]
[EventDate "1997.07.12"]
[EventType "swiss"]
[EventRounds "10"]
[EventCountry "CAN"]
[SourceTitle "EXP 60"]
[Source "ChessBase"]
[SourceDate "1997.11.24"]
[SourceVersion "1"]
[SourceVersionDate "1997.11.24"]
[SourceQuality "1"]

1. d4 Nf6 2. c4 e6 3. Nc3 c5 4. d5 exd5 5. cxd5 d6 6. e4 g6 7. Nf3 Bg7 8. Bb5+ Nbd7 9. O-O O-O 10. h3 a6 11. Bxd7 Bxd7 12. Bf4 Qb6 13. Qc2 Ne8 14. Rfe1 f6 15. Rab1 Rc8 16. Be3 Qc7 17. Rec1 b5 18. b3 b4 19. Na4 Bxa4 20. bxa4 Rb8 21. Qb3 Qe7 22. Qd3 Nc7 23. Nd2 Qd7 24. Qb3 Rfe8 25. Bf4 Bf8 26. Re1 Na8 27. Nc4 Nb6 28. Nxb6 Rxb6 29. Rbc1 Qf7 30. Qg3 a5 31. Qb3 Bg7 32. Qc4 Rc8 33. Qb3 Qf8 34. Qe3 Rcb8 35. Qb3 Bh6 36. Bxh6 Qxh6 37. Re3 Rc8 38. Qc4 Re8 39. Ree1 Qh4 40. Qd3 Kg7 41. Rc4 Qh6 42. Qe3 Qxe3 43. Rxe3 Rb7 44. Kf1 f5 45. f3 f4 46. Rb3 g5 47. Kf2 Kf6 48. Rb1 Ke5 49. Rb3 h5 50. Rb1 Rc7 51. Rb3 Rg8 52. Rb1 Rh8 53. Ke2 g4 54. hxg4 hxg4 55. fxg4 Rh4 56. Kf3 Rg7 57. g5 Rxg5 58. Rg1 Rg3+ 59. Kf2 Ra3 60. Rc2 Rh2 0-1

[Event "CAN-op"]
[Site "Winnipeg CAN"]
[Date "1997.07.12"]
[Round "1"]
[White "Fielding, Gerald"]
[Black "Roque, Rodolfo"]
[Result "1-0"]
[WhiteElo "2213"]
[BlackElo "1920"]
[PlyCount "67"]
[GameId "2160767911932512"]
[EventDate "1997.07.12"]
[EventType "swiss"]
[EventRounds "10"]
[EventCountry "CAN"]
[SourceTitle "EXP 60"]
[Source "ChessBase"]
[SourceDate "1997.11.24"]
[SourceVersion "1"]
[SourceVersionDate "1997.11.24"]
[SourceQuality "1"]

1. d4 c6 2. c4 d5 3. Nf3 Nf6 4. Nc3 e6 5. e3 Be7 6. Bd3 dxc4 7. Bxc4 Nbd7 8. O-O Nb6 9. Bd3 Qc7 10. e4 Bd7 11. a4 a5 12. Qe2 O-O 13. Bg5 Rfe8 14. Rac1 Qd8 15. Rfd1 Nh5 16. Be3 Nf6 17. Ne5 Bf8 18. Bc2 Bb4 19. Qd3 g6 20. Bg5 Be7 21. Qf3 Bc8 22. Bb3 Nbd7 23. Nxf7 Kxf7 24. e5 Nb6 25. Bxf6 Bxf6 26. Ne4 Nd5 27. Bxd5 exd5 28. Nd6+ Qxd6 29. exd6 Bf5 30. Qb3 Reb8 31. Re1 Bg5 32. Rc5 Kg7 33. g4 Bxg4 34. Qg3 1-0

[Event "CAN-op"]
[Site "Winnipeg CAN"]
[Date "1997.07.12"]
[Round "1"]
[White "Gibbons, Michael"]
[Black "Nogueiras, Jesus"]
[Result "0-1"]
[WhiteElo "2005"]
[BlackElo "2535"]
[PlyCount "48"]
[GameId "2160767911932513"]
[EventDate "1997.07.12"]
[EventType "swiss"]
[EventRounds "10"]
[EventCountry "CAN"]
[SourceTitle "CBM 060 Extra"]
[Source "ChessBase"]
[SourceDate "1997.11.04"]
[SourceVersion "1"]
[SourceVersionDate "1997.11.04"]
[SourceQuality "1"]

1. d4 e6 2. c4 b6 3. Nf3 Bb7 4. e3 f5 5. Nc3 Nf6 6. Bd3 Bb4 7. O-O O-O 8. Qc2 Bxc3 9. bxc3 Be4 10. Ba3 Re8 11. Rab1 Nc6 12. Rb2 d6 13. c5 dxc5 14. Bxe4 Nxe4 15. dxc5 Qf6 16. Nd4 Ne5 17. Nb5 Qf7 18. cxb6 axb6 19. Qb3 Rad8 20. Rc2 Nd2 21. Rxd2 Rxd2 22. Nd4 Ra8 23. Ra1 c5 24. Bc1 c4 0-1

[Event "CAN-op"]
[Site "Winnipeg CAN"]
[Date "1997.07.12"]
[Round "1"]
[White "Gofshtein, Leonid"]
[Black "Czypinski, Jaroslaw"]
[Result "1-0"]
[WhiteElo "2545"]
[BlackElo "2021"]
[PlyCount "69"]
[GameId "2160767911932514"]
[EventDate "1997.07.12"]
[EventType "swiss"]
[EventRounds "10"]
[EventCountry "CAN"]
[SourceTitle "EXP 60"]
[Source "ChessBase"]
[SourceDate "1997.11.24"]
[SourceVersion "1"]
[SourceVersionDate "1997.11.24"]
[SourceQuality "1"]

1. e4 d5 2. exd5 Nf6 3. Bb5+ Nbd7 4. c4 g6 5. Nc3 Bg7 6. Nge2 O-O 7. d3 Nb6 8. O-O a6 9. Ba4 Nxa4 10. Qxa4 Bf5 11. Rd1 Re8 12. Ng3 Bd7 13. Qb3 Qc8 14. Bf4 e6 15. Nce4 exd5 16. cxd5 Nxe4 17. Nxe4 Bf5 18. Rac1 Bxe4 19. dxe4 Rxe4 20. Bxc7 Qf5 21. Qf3 Qxf3 22. gxf3 Re7 23. b3 Rae8 24. Rc4 Rd7 25. Bf4 Bf8 26. Rc7 Red8 27. Kg2 Rxd5 28. Rxd5 Rxd5 29. Rxb7 Ra5 30. a4 Rf5 31. Be3 Rd5 32. Rb6 a5 33. Rb5 Rd3 34. Rxa5 Rxb3 35. Ra8 1-0